004300000a22001450004500020001800000041001400018082001200032110001900044245005200063505001500115001000500130942000800135952012400143999001700267 a0-88113-897-50 aEspañol04aDVD 0461 aCaribe Betania10aEl reino bajo el mar el regalo / Caribe Betania00aPélicula1199 cLGB 0010304070aBINCObBINCOd2007-07-24l1oDVD 046 pB31526r2019-05-15 00:00:00s2019-05-06t1w2016-01-26yLGBB0C3 c48373d48373